000 01345nam2a22002891 4500
001 v19\rc\1691353
005 20260407115024.0
035 _a(NLR Aleph) 004795166
090 _a4770714
_c4770714
100 _a20061002d1898 |||y0rusy50 ca
101 0 _arus
102 _aRU
105 _ay z |||||
200 1 _aПроизводство Правительствующего сената
210 _d1898
_aБ. м.
215 _a119 с.
461 0 _1001v19\rc\1691349
_12001#$aДело С.-Петербургской городской управы с Акционерным обществом конно-железных дорог в С.-Петербурге о выкупе предприятия Общества$v[Ч. 4]
_95739580
_cМосква
_d1897-1898
_tДело С.-Петербургской городской управы с Акционерным обществом конно-железных дорог в С.-Петербурге о выкупе предприятия Общества
_v[Ч. 4]
712 0 1 _4570
_aРоссия
_bСенат
_3RU\NLR\AUTH\889948534
_9392688
801 0 _aRU
_bNLR
_gpsbo
801 0 _aRU
_bRuMoRGB
_2psbo
801 1 _aRU
_bProSoft-M
_2rusmarc
801 2 _aRU
_bNLR
_c20140430
_2rusmarc
852 _aNLR
_j18.196.5.14
899 _aRuMoRGB
_jR 1/40
899 _aБАН
942 _cBOOK
980 _aNB